Medzinárodné podnikanie metodická pomôcka k štúdiu
Enregistré dans:
| Auteur principal: | |
|---|---|
| Autres auteurs: | |
| Format: | Livre |
| Langue: | slovaque |
| Publié: |
Bratislava
SPRINT
1998
|
| Sujets: | |
| Tags: |
Pas de tags, Soyez le premier à ajouter un tag!
|
MARC
| LEADER | 00000nam a2200000 4500 | ||
|---|---|---|---|
| 001 | c102503 | ||
| 005 | 20221123133134.2 | ||
| 020 | |a 80-88848-33-4 | ||
| 041 | 0 | |a slo | |
| 044 | |a SK | ||
| 245 | 1 | 0 | |a Medzinárodné podnikanie |b metodická pomôcka k štúdiu |c Drahoš Šíbl, Beáta Šaková |
| 264 | 1 | |a Bratislava |b SPRINT |c 1998 | |
| 300 | |a 163 s. | ||
| 610 | 2 | 0 | |a testy |
| 610 | 2 | 0 | |a podnikanie medzinárodné |
| 610 | 2 | 0 | |a hospodárstvo svetové |
| 610 | 2 | 0 | |a obchod medzinárodný |
| 610 | 2 | 0 | |a služby obchodné |
| 610 | 2 | 0 | |a pohyb kapitálu |
| 610 | 2 | 0 | |a migrácia |
| 610 | 2 | 0 | |a mena |
| 610 | 2 | 0 | |a trh finančný |
| 610 | 2 | 0 | |a bilancia platobná |
| 610 | 2 | 0 | |a politika zahraničnoobchodná |
| 610 | 2 | 0 | |a marketing medzinárodný |
| 610 | 2 | 0 | |a burzy |
| 610 | 2 | 0 | |a systémy informačné |
| 610 | 2 | 0 | |a globalizácia hospodárstva |
| 610 | 2 | 0 | |a integrácia ekonomická medzinárodná |
| 610 | 2 | 0 | |a korporácie transnacionálne |
| 610 | 2 | 0 | |a krajiny rozvojové |
| 610 | 2 | 0 | |a Slovensko |
| 100 | 1 | |a Šíbl, Drahoš | |
| 700 | 1 | |a Šaková, Beáta | |